000 00941nam a2200277 a 4500
001 000018875
003 DO-SdBNP
005 20230412095644.0
007 ta
008 100520e2009 dr gr 001 edspa d
020 _a9789945002447
040 _aDO-SdBNP
_bspa
_cBNPHU
082 4 _a332.024
_bS715a
_222
100 1 _aSosa Sosa, Diego A.,
_d1966-
_93236
245 1 0 _aArco iris financiero :
_b7 colores para llegar a tu tesoro /
_cDiego A. Sosa.
246 1 3 _aArco iris financiero :
_bsiete colores para llegar a tu tesoro
260 _aSanto Domingo :
_bBúho,
_c2009.
300 _a198 p. :
_bil. ;
_c24 cm.
500 _aIncluye datos biográficos del autor en la solapa de la cubierta.
590 _aInventariado, 2018 / MFF
650 4 _aFinanzas personales
_98282
650 4 _aPlanificación del patrimonio
_940656
650 4 _aPresupuesto personal
_940657
910 _aValidado. Control de calidad MFF
942 _2ddc
_cLBS1
999 _c18393
_d18393